Tạp bút Bảo Ninh

Enregistré dans:
Détails bibliographiques
Auteur principal: Bảo Ninh
Format: Livre
Langue:Undetermined
Publié: Thành phố Hồ Chí Minh Trẻ 2015
Sujets:
Tags: Ajouter un tag
Pas de tags, Soyez le premier à ajouter un tag!
Thư viện lưu trữ: Trung tâm Học liệu Trường Đại học Cần Thơ
LEADER 00690nam a2200205Ia 4500
001 CTU_207027
008 210402s9999 xx 000 0 und d
020 |c 115000 
082 |a 895.9228 
082 |b B108 
100 |a Bảo Ninh 
245 0 |a Tạp bút Bảo Ninh 
245 0 |c Bảo Ninh 
260 |a Thành phố Hồ Chí Minh 
260 |b Trẻ 
260 |c 2015 
650 |a Tác giả Việt Nam,Văn học Việt Nam,Authors, Vietnamese,Vietnamese literature,Vietnmamese prose literature 
650 |y Thế kỷ 21,Thế kỷ 21,21st century,21st century,21st century 
904 |i Tuyến 
980 |a Trung tâm Học liệu Trường Đại học Cần Thơ